Normal view
MARC view
- Beck, Leland L
Entry Personal Name
001 - CONTROL NUMBER
- control field: 93926
003 - CONTROL NUMBER IDENTIFIER
- control field: NUST
005 - DATE AND TIME OF LATEST TRANSACTION
- control field: 20220719191943.0
008 - FIXED-LENGTH DATA ELEMENTS
- fixed length control field: 220719|| aca||aabn | a|a d
040 ## - CATALOGING SOURCE
- Original cataloging agency: NUST
- Transcribing agency: NUST
100 ## - HEADING--PERSONAL NAME
- Personal name: Beck, Leland L
670 ## - SOURCE DATA FOUND
- Source citation: Work cat.: (NUST)176496: Beck, Leland L., System software :, c1985.
